000 00503nam a22001697a 4500
003 OSt
005 20220920144710.0
007 ta
008 210211b1990 dr |||||r|||| 00| 0 spa d
040 _aDO-SdBNP
_bspa
_cBNPHU
082 _axxx
_bI243c
111 _aIglesia Católica.
_cRepública Dominicana :
_d21 de enero de 1990
_977746
245 1 0 _aCarta pastoral de la conferencia del episcopado dominicano
260 _aSanto Domingo :
_b[s.n.] ,
_c[1990]
300 _a32 pg. ;
_c21 cm.
942 _2ddc
_cLF2
999 _c49360
_d49360